000 00631nam a2200217Ii 4500
003 JO-AjNU
008 230606s9999||||xx |||||||||||||| ||und||
020 _a978-0-12-820064-3
040 _aJO-AjNU
_beng
_erda
_cJO-AjNU
041 _aeng
050 1 4 _aTK7868.D5.H34 2022
100 3 _aHarris, Sarah L., Divid Harris,
_eauthor
_96476
245 0 0 _aDigital Design and Computer Architecture
250 _a1ed
264 3 1 _aAmsterdam: Elsevier, 2022
300 _a564p
336 _atext
_btxt
_2rdacontent
337 _aunmediated
_bn
_2rdamedia
338 _avolume
_bnc
_2rdacarrier
650 4 _aDesign-Digital Design
_96477
999 _aE3361
_c3357
_d3357